00767nam a2200217Ia 4500008004100000020001800041082002500059100004400084245006300128250001800191260001900209260002100228260000900249300001000258500004300268650003300311650003300344942001500377999001700392952014000409251212s9999 xx 000 0 und d a9788429017151 a342.4 D618c 2012 HNA aCanosa Usera, Raúl , director934862 0aDivisión de competencias y forma territorial del Estado. a1a. edición aEditorial Reus bMadrid, España c2012 a166p. aColección Humberto Nogueira Alcalá aDerecho admnistrativo934863 aDerecho constitucional91698 cLIBRO2ddc c19784d19784 00102ddc40708CGaBCbBCd2026-03-26eDonación Humberto Nogueiral0o342.4 D618c 2012 HNAp27202r2026-03-26t1w2026-03-26yLIBRO